Financiación interna y externa : Basada en las actas del Simposio Internacional sobre desarrollo industrial (Atenas, noviembre-diciembre 1967) /
Guardado en:
| Autores Corporativos: | , |
|---|---|
| Formato: | Libro |
| Idioma: | Spanish |
| Publicado: |
Nueva York :
Naciones Unidas,
1969.
|
| Series: | Monografías de la ONUDI sobre desarrollo industrial ;
no 16 |
| Materias: | |
| Etiquetas: |
Agregar Etiqueta
Sin Etiquetas, Sea el primero en etiquetar este registro!
|
| LEADER | 01061nam a22002055a 4500 | ||
|---|---|---|---|
| 001 | EIQ.libpla000099 | ||
| 008 | 050920s1969####nyu######b####100#0#spa#d | ||
| 005 | 20071217152107.0 | ||
| 245 | 1 | 0 | |a Financiación interna y externa : |b Basada en las actas del Simposio Internacional sobre desarrollo industrial (Atenas, noviembre-diciembre 1967) / |c Organización de las Naciones Unidas para el Desarrollo Industrial, Viena. |
| 260 | |a Nueva York : |b Naciones Unidas, |c 1969. | ||
| 300 | |a viii, 51 p. ; |c 24 cm. | ||
| 440 | 0 | |a Monografías de la ONUDI sobre desarrollo industrial ; |v no 16 | |
| 504 | |a Bibliografía: p. 50-51. | ||
| 711 | 2 | |a Simposio Internacional sobre Desarrollo Industrial |d (1967 : |c Atenas, Grecia) | |
| 810 | 2 | |a Naciones Unidas |t Monografías de la ONUDI sobre desarrollo industrial |v no. 16 | |
| 650 | 4 | |a Países en desarrollo |x Finanzas. | |
| 650 | 4 | |a Developing countries |x Finance. | |
| 040 | |a AR-BbSID |b spa |c AR-BbSID | ||
| 110 | 2 | |a Organización de las Naciones Unidas para el Desarrollo Industrial, Viena. | |
| 859 | |a AR-BbSID |b BIB. PLAPIQUI |h 332.02 |i N 113 |p 115 | ||
